Normal view
MARC view
- الهيتي، قيصر عبد الكريم
Entry Personal Name
001 - CONTROL NUMBER
- control field: 51189
003 - CONTROL NUMBER IDENTIFIER
- control field: JO-AjAnu
005 - DATE AND TIME OF LATEST TRANSACTION
- control field: 20230606082425.0
008 - FIXED-LENGTH DATA ELEMENTS
- fixed length control field: 230606|| aca||aabn | a|a d
040 ## - CATALOGING SOURCE
- Original cataloging agency: JO-AjAnu
- Transcribing agency: JO-AjAnu
100 ## - HEADING--PERSONAL NAME
- Personal name: الهيتي، قيصر عبد الكريم
670 ## - SOURCE DATA FOUND
- Source citation: Work cat.: (JO-AjAnu)26163: الهيتي، قيصر عبد الكريم, author, أساليب الإستثمار الإسلامي وأثرها على الأسواق المالية: البورصات